Global real estate securities (Record no. 107371)

MARC details
000 -LEADER
fixed length control field 01309cad a22002775a 4500
001 - CONTROL NUMBER
control field L139906
008 - FIXED-LENGTH DATA ELEMENTS--GENERAL INFORMATION
fixed length control field 070820s2007 xxkd f s 000 0 eng d
035 ## - SYSTEM CONTROL NUMBER
System control number (Sirsi) u139906
041 0# - LANGUAGE CODE
Language code of text/sound track or separate title eng
050 04 - LIBRARY OF CONGRESS CALL NUMBER
Classification number 332.6324 $2 18
100 1# - MAIN ENTRY--PERSONAL NAME
Personal name Chin, Henry
245 00 - TITLE STATEMENT
Title Global real estate securities
Remainder of title the emergence of a discrete asset class
Medium [electronic resource]
260 ## - PUBLICATION, DISTRIBUTION, ETC.
Place of publication, distribution, etc. London
Name of publisher, distributor, etc. RREEF
Date of publication, distribution, etc. 2007
520 ## - SUMMARY, ETC.
Summary, etc. Discusses the emergence of the global real estate securities market and addresses some of the key issues facing the market as it becomes global. Explains the recent growth and performance behaviour of the market, investigates the case for investing in global real estate securities, and highlights trends and prospects for the sector at a global level and in North America, Europe and Asia Pacific.
590 ## - LOCAL NOTE (RLIN)
Local note KA
651 #4 - SUBJECT ADDED ENTRY--GEOGRAPHIC NAME
Geographic name International
690 ## - LOCAL SUBJECT ADDED ENTRY--TOPICAL TERM (OCLC, RLIN)
Topical term or geographic name as entry element PROPERTY-COMMERCIAL PROPERTY-COMMERCIAL PROPERTY MARKET
690 ## - LOCAL SUBJECT ADDED ENTRY--TOPICAL TERM (OCLC, RLIN)
Topical term or geographic name as entry element PROPERTY-PROPERTY FINANCE AND INVESTMENT-REAL ESTATE INVESTMENT TRUSTS
700 1# - ADDED ENTRY--PERSONAL NAME
Personal name Topintzi, Ermina
700 1# - ADDED ENTRY--PERSONAL NAME
Personal name Hobbs, Peter
700 1# - ADDED ENTRY--PERSONAL NAME
Personal name Mansour, Asieh
700 1# - ADDED ENTRY--PERSONAL NAME
Personal name Yen Keng, Tan
710 2# - ADDED ENTRY--CORPORATE NAME
Corporate name or jurisdiction name as entry element Deutsche Bank
Subordinate unit RREEF
-- Real Estate Research
9 (RLIN) 5322
856 40 - ELECTRONIC LOCATION AND ACCESS
Uniform Resource Identifier <a href="https://www.rreef.com">https://www.rreef.com</a>
Public note View the report free of charge at www.rreef.com...
942 ## - ADDED ENTRY ELEMENTS (KOHA)
Suppress in OPAC 0
Holdings
Withdrawn status Lost status Source of classification or shelving scheme Damaged status Not for loan Home library Current library Shelving location Date acquired Total Checkouts Full call number Barcode Date last seen Copy number Price effective from Koha item type
    Dewey Decimal Classification     Virtual Virtual Online 20/08/2007   ONLINE PUBLICATION 139906-2001 06/08/2019 1 06/08/2019 Book